| 000 | 01042nam a2200253Ia 4500 | ||
|---|---|---|---|
| 001 | 21642 | ||
| 005 | 20260417111038.0 | ||
| 008 | 260320s9999||||xx |||||||||||||| ||und|| | ||
| 020 | _a9788417949938 | ||
| 041 | _aESP | ||
| 082 |
_a614.4 _bF57 |
||
| 100 |
_aFletcher, Grant S., _eAUT |
||
| 245 | 0 | _aEpidemiología clínica | |
| 250 | _aSexta edición | ||
| 260 |
_aPhiladelphia : _bWolters Kluwer, _c2021 |
||
| 300 |
_axiv, 274 páginas : _btablas, gráficos ; _c25 cm. |
||
| 650 | _aTCA | ||
| 653 | _aEpidemiología clínica; Métodos epidemiológicos | ||
| 654 | _aCCS | ||
| 856 |
_uhttps://0u216wvfk-y-https-accessmedicina-mhmedical-com.itmsp.museknowledge.com/ _zVéase además: Base de datos McGraw Hill Access Medicina |
||
| 856 |
_uhttps://0u23fwvfp-y-https-www-clinicalkey-com.itmsp.museknowledge.com/student/login _zVéase además: Base de datos ClinicalKey |
||
| 856 |
_uhttps://0u203wvg5-y-https-www-uptodate-com.itmsp.museknowledge.com/contents/search _zVéase además: Base de datos UpToDate |
||
| 942 |
_cLIB _dJUS _fMAT _2ddc |
||
| 999 |
_c21642 _d21642 |
||